F1 Quiz - Statistics

Statistiche generali
  • Questo quiz è stato fatto 219 volte
  • Il punteggio medio è 10 su 36
Answers on the Grid
Answers color-coded by a green-red scale on the quiz's grid according to % correct below.
Kubica
Fernando Alonso
George Russell
Carlos Sainz
Nigel Mansell
Lewis Hamilton
Max Verstappen
Giancarlo Fisichella
Alain Prost
Ayrton Senna
Ralf Schumacher
Sergio Perez
Lando Norris
Jackie Stewart
Fangio
Mark Webber
Sterling Moss
Vettel
Clay Regazzoni
Damon Hill
Mila Hakkinen
Rindt
Denny Hulme
Nelson Piquet
Jarno Trulli
Helmut Marko
Jack Brabham
Niki Lauda
Jim Clark
Nico Rosberg
Oscar Piastri
Mike Hawthorn
Kimi Raikkonen
Lance Stroll
Graham Hill
Jenson Button
Kevin Magnussen
Jacky Ickx
Nico Hulkenberg
Alberto Ascari
Emerson Fittipaldi
Mario Andretti
Didier Pironi
Gilles Villeneuve
David Coulthard
Keke Rosberg
Reutamann
Michael Schumacher
Alan Jones
Jacques Villeneuve
Takuma Sato
Daniel Ricciardo
Felipe Massa
Ruben Barrichello
Juan Pablo Montoya
James Hunt
Jody Scheckter
René Arnoux
Charles Leclerc
Ronnie Peterson
Berger
Jean Alesi
Michele Alboreto
François Cevert
Valtteri Bottas
 
Statistiche sulle risposte
Risposta % Corretto
Fernando Alonso
87%
Lewis Hamilton
77%
Max Verstappen
74%
Ayrton Senna
67%
Alain Prost
63%
Vettel
47%
Fangio
46%
Nigel Mansell
46%
Niki Lauda
39%
Kimi Raikkonen
37%
Mila Hakkinen
33%
Nico Rosberg
33%
Lando Norris
30%
Nelson Piquet
28%
Michael Schumacher
25%
Damon Hill
23%
Jackie Stewart
23%
Jenson Button
20%
Jack Brabham
17%
Jim Clark
16%
Emerson Fittipaldi
13%
Jacques Villeneuve
11%
Valtteri Bottas
11%
Alberto Ascari
10%
Felipe Massa
10%
James Hunt
10%
Sterling Moss
10%
Graham Hill
8%
Ruben Barrichello
8%
Alan Jones
6%
Jody Scheckter
6%
Mario Andretti
6%
David Coulthard
5%
Reutamann
5%
Berger
3%
Ronnie Peterson
3%
Nessun quiz corrispondente trovato
Distribuzione punteggi
Percentuale di utenti per punteggio
Percentile per numero di risposta
I tuoi punteggi nel tempo
Non hai fatto questo quiz